00529nam a22001817a 450000500170000001000130001702000260003003500130005603700130006903700090008208200080009124500760009925000120017526000360018727000730022330000320029650000190032820210827111848.0 aB-741357 a9788123923345c531.00 aB-741357 bDBAD/PUB bGift a618 aGhai essential pediatrics /cedited by Vinod K Paul [and] Arvind Bagga  a8th ed. aNew DelhibCBS Publishersc2017 a4819/XI Prahlad Street, 24 Ansari Road, DaryaganjbNew Delhie110002 axvi, 783p.:c27cm(Hb)bill. aincludes index